|
|
|
|
| LEADER |
00763nas a2200193 i 4500 |
| 001 |
acta73779 |
| 005 |
20211112125429.0 |
| 008 |
211112s2020 hu o 0|| eng d |
| 022 |
|
|
|a 1417-3875
|
| 024 |
7 |
|
|a 10.14232/ejqtde.2020.1.89
|2 doi
|
| 040 |
|
|
|a SZTE Egyetemi Kiadványok Repozitórium
|b hun
|
| 041 |
|
|
|a eng
|
| 100 |
1 |
|
|a Stević Stevo
|
| 245 |
1 |
0 |
|a New class of practically solvable systems of difference equations of hyperbolic-cotangent-type
|h [elektronikus dokumentum] /
|c Stević Stevo
|
| 260 |
|
|
|c 2020
|
| 300 |
|
|
|a 25
|
| 490 |
0 |
|
|a Electronic journal of qualitative theory of differential equations : special edition
|v 4 No. 89
|
| 695 |
|
|
|a Differenciálegyenlet
|
| 856 |
4 |
0 |
|u http://acta.bibl.u-szeged.hu/73779/1/ejqtde_spec_004_2020_089.pdf
|z Dokumentum-elérés
|